|
|
|
|
| LEADER |
01995nam a2200469 i 4500 |
| 001 |
EBC4391597 |
| 003 |
MiAaPQ |
| 005 |
20200520144314.0 |
| 006 |
m o d | |
| 007 |
cr cnu|||||||| |
| 008 |
160222t20152015ne ob 001 0 eng d |
| 020 |
|
|
|z 9789089647481
|
| 020 |
|
|
|a 9789048525157
|q (electronic bk.)
|
| 035 |
|
|
|a (MiAaPQ)EBC4391597
|
| 035 |
|
|
|a (Au-PeEL)EBL4391597
|
| 035 |
|
|
|a (CaPaEBR)ebr11153795
|
| 035 |
|
|
|a (CaONFJC)MIL882492
|
| 035 |
|
|
|a (OCoLC)932497014
|
| 040 |
|
|
|a MiAaPQ
|b eng
|e rda
|e pn
|c MiAaPQ
|d MiAaPQ
|
| 043 |
|
|
|a f------
|
| 050 |
|
4 |
|a HN773.5
|b .P747 2015
|
| 082 |
0 |
|
|a 303.484
|2 3
|
| 100 |
1 |
|
|a Press, Robert M.,
|e author.
|
| 245 |
1 |
0 |
|a Ripples of hope :
|b how ordinary people resist repression without violence /
|c Robert M. Press.
|
| 264 |
|
1 |
|a Amsterdam, [Netherlands] :
|b Amsterdam University Press,
|c 2015.
|
| 264 |
|
4 |
|c 2015
|
| 300 |
|
|
|a 1 online resource (329 pages).
|
| 336 |
|
|
|a text
|2 rdacontent
|
| 337 |
|
|
|a computer
|2 rdamedia
|
| 338 |
|
|
|a online resource
|2 rdacarrier
|
| 490 |
1 |
|
|a Protest and Social Movements ;
|v 4
|
| 504 |
|
|
|a Includes bibliographical references and index.
|
| 588 |
|
|
|a Description based on print version record.
|
| 590 |
|
|
|a Electronic reproduction. Ann Arbor, MI : ProQuest, 2016. Available via World Wide Web. Access may be limited to ProQuest affiliated libraries.
|
| 650 |
|
0 |
|a Social movements
|z Africa
|v Case studies.
|
| 650 |
|
0 |
|a Protest movements
|z Africa
|v Case studies.
|
| 650 |
|
0 |
|a Nonviolence
|z Africa
|v Case studies.
|
| 655 |
|
4 |
|a Electronic books.
|
| 776 |
0 |
8 |
|i Print version:
|a Press, Robert M.
|t Ripples of hope : how ordinary people resist repression without violence.
|d Amsterdam, [Netherlands] : Amsterdam University Press, c2015
|h 327 pages
|k Protest and social movements ; 4.
|z 9789089647481
|w 2015489255
|
| 797 |
2 |
|
|a ProQuest (Firm)
|
| 830 |
|
0 |
|a Protest and social movements ;
|v 4.
|
| 856 |
4 |
0 |
|u https://ebookcentral.proquest.com/lib/matrademy/detail.action?docID=4391597
|z Click to View
|